[Event "SB-2020-0-00601"]
[Site "LSS email"]
[Date "2020.09.15"]
[Round "?"]
[White "Kapatos, Endre"]
[Black "Lipsits, Sasha"]
[Result "1/2-1/2"]
[WhiteElo "1809"]
[BlackElo "1884"]
[PlyCount "120"]
[EventDate "2020.07.09"]
[EventType "tourn (corr)"]
[EventRounds "6"]
[EventCountry "GER"]
[SourceTitle "Corr 2024"]
[Source "ChessBase"]
[SourceDate "2023.10.19"]
[SourceVersion "1"]
[SourceVersionDate "2023.10.19"]
[SourceQuality "1"]

1. e4 e5 2. Nf3 Nc6 3. Bb5 Nf6 4. d3 Bc5 5. c3 0-0 6. 0-0 d6 7. Nbd2 a6 8. Ba4 b5 9. Bb3 h6 10. Re1 Bb6 11. Nf1 Ne7 12. Ng3 Ng6 13. h3 Re8 14. a4 Rb8 15. Bd2 Bb7 16. Nf5 d5 17. Bc2 c5 18. Qc1 Nh7 19. Nh2 Bc8 20. axb5 axb5 21. Bxh6 gxh6 22. Qxh6 Bxf5 23. exf5 Nh4 24. Ng4 Nxf5 25. Qh5 Qg5 26. Qxg5+ Nxg5 27. Nf6+ Kg7 28. Nxe8+ Rxe8 29. Ra6 Bc7 30. d4 e4 31. dxc5 Ne6 32. b4 Be5 33. Ra3 Nf4 34. Kf1 Re6 35. Bb1 Rh6 36. Bc2 Re6 37. Bb1 Rf6 38. Bxe4 dxe4 39. Rxe4 Ng6 40. Ke2 Kh6 41. h4 Nfe7 42. c4 bxc4 43. Rxc4 Nf5 44. Re4 Nd4+ 45. Kd3 Ne6 46. Ra2 Nef4+ 47. Kc4 Nxg2 48. b5 N2xh4 49. Ra6 Kg7 50. Rxf6 Kxf6 51. f4 Bb8 52. b6 Nf5 53. Kb5 Bxf4 54. Ka6 Nfe7 55. Kb5 Bh2 56. Re2 Bb8 57. c6 Nf4 58. Rc2 Ne6 59. Ka6 Nd5 60. Rf2+ Ke7 1/2-1/2

[Event "SB-2020-0-00598"]
[Site "LSS email"]
[Date "2020.07.08"]
[Round "?"]
[White "Kapatos, Endre"]
[Black "Wittal, Werner"]
[Result "1/2-1/2"]
[WhiteElo "1801"]
[BlackElo "1973"]
[PlyCount "60"]
[EventDate "2020.04.28"]
[EventType "tourn (corr)"]
[EventRounds "6"]
[EventCountry "GER"]
[SourceTitle "Corr 2022"]
[Source "ChessBase"]
[SourceDate "2021.10.24"]
[SourceVersion "1"]
[SourceVersionDate "2021.10.24"]
[SourceQuality "1"]

1. d4 d5 2. Nc3 Nf6 3. Bf4 c5 4. e3 cxd4 5. exd4 a6 6. Bd3 Nc6 7. Nge2 e6 8. Qd2 b5 9. 0-0 Be7 10. a3 0-0 11. h3 Nh5 12. Bh2 g6 13. Na2 Bb7 14. c3 Na5 15. Qc2 Nc4 16. Nac1 Qb6 17. b4 a5 18. Nb3 a4 19. Nc5 Bc6 20. Rfe1 Rae8 21. Nf4 Ng7 22. Bxc4 dxc4 23. d5 exd5 24. Nd7 Bxd7 25. Nxd5 Bf5 26. Qxf5 Nxf5 27. Nxb6 Bf6 28. Nd5 Bd8 29. Bc7 Bg5 30. Kf1 h5 1/2-1/2

[Event "SB-2020-0-00589"]
[Site "LSS email"]
[Date "2020.01.14"]
[Round "?"]
[White "Kapatos, Endre"]
[Black "Granara Barreto, Sebastian"]
[Result "1/2-1/2"]
[WhiteElo "1819"]
[BlackElo "1879"]
[PlyCount "107"]
[EventDate "2019.12.02"]
[EventType "tourn (corr)"]
[EventRounds "6"]
[EventCountry "GER"]
[SourceTitle "Corr 2022"]
[Source "ChessBase"]
[SourceDate "2021.10.24"]
[SourceVersion "1"]
[SourceVersionDate "2021.10.24"]
[SourceQuality "1"]

1. d4 Nf6 2. Nc3 d5 3. Bf4 a6 4. e3 e6 5. Nf3 c5 6. Be2 b5 7. 0-0 Bb7 8. Ne5 Be7 9. a4 b4 10. Na2 cxd4 11. exd4 0-0 12. c3 bxc3 13. bxc3 Nc6 14. Nxc6 Bxc6 15. Nb4 Bb7 16. a5 Qc8 17. Qb3 Qd7 18. Nd3 Qc8 19. Rfb1 Bc6 20. Ne5 Rd8 21. Qd1 Bd6 22. Nxc6 Qxc6 23. Rb6 Qc7 24. Bxd6 Rxd6 25. Qb1 Rdd8 26. Qb4 Qf4 27. g3 Qd2 28. Qb2 Qxb2 29. Rxb2 Nd7 30. Rb7 Kf8 31. Kg2 Ke7 32. c4 dxc4 33. Bxc4 Kf8 34. Rc7 Nf6 35. Rc6 Rxd4 36. Rxa6 Rxa6 37. Bxa6 Rd7 38. Bb5 Ra7 39. a6 Ke7 40. Rc1 Nd5 41. f4 Nc7 42. Be2 Kd6 43. Kf3 f6 44. h4 g6 45. g4 f5 46. gxf5 exf5 47. h5 gxh5 48. Rh1 Kc6 49. Rxh5 Nxa6 50. Rh6+ Kb7 51. Bd3 Nc7 52. Bxf5 Ra6 53. Be4+ Kc8 54. Rxh7 1/2-1/2

[Event "SC-2019-0-00370"]
[Site "LSS email"]
[Date "2019.03.31"]
[Round "?"]
[White "Kraujunas, Vladas"]
[Black "Kapatos, Endre"]
[Result "1/2-1/2"]
[WhiteElo "1837"]
[BlackElo "1756"]
[PlyCount "80"]
[EventDate "2019.01.16"]
[EventType "tourn (corr)"]
[EventRounds "6"]
[EventCountry "GER"]
[SourceTitle "Corr 2022"]
[Source "ChessBase"]
[SourceDate "2021.10.24"]
[SourceVersion "1"]
[SourceVersionDate "2021.10.24"]
[SourceQuality "1"]

1. e4 e6 2. d4 d5 3. Nc3 Nf6 4. Bg5 dxe4 5. Nxe4 Be7 6. Bxf6 gxf6 7. Nf3 a6 8. g3 f5 9. Nc3 b5 10. Bg2 Bb7 11. 0-0 0-0 12. Ne5 Bxg2 13. Kxg2 b4 14. Na4 Qd5+ 15. Qf3 Rd8 16. Qxd5 Rxd5 17. Rfd1 Nd7 18. c4 Rd6 19. Nf3 Rd8 20. a3 a5 21. axb4 axb4 22. b3 c5 23. dxc5 Nxc5 24. Rxd6 Bxd6 25. Nxc5 Bxc5 26. Ra5 Be7 27. Ra7 Kf8 28. Ne5 Rd2 29. c5 Rxf2+ 30. Kh3 f6 31. Ra8+ Kg7 32. c6 fxe5 33. c7 Rc2 34. c8Q Rxc8 35. Rxc8 e4 36. Kg2 h5 37. Rb8 Kf6 38. Rh8 Kg5 39. h4+ Kg6 40. Rg8+ Kf7 1/2-1/2

[Event "SC-2017-0-00337"]
[Site "LSS email"]
[Date "2017.11.30"]
[Round "?"]
[White "Jung, Jerzy"]
[Black "Kapatos, Endre"]
[Result "1/2-1/2"]
[WhiteElo "1891"]
[BlackElo "1713"]
[PlyCount "92"]
[EventDate "2017.10.13"]
[EventType "tourn (corr)"]
[EventRounds "6"]
[EventCountry "GER"]
[SourceTitle "Corr 2022"]
[Source "ChessBase"]
[SourceDate "2021.10.24"]
[SourceVersion "1"]
[SourceVersionDate "2021.10.24"]
[SourceQuality "1"]

1. e4 c6 2. Nf3 d5 3. e5 Bf5 4. Be2 e6 5. d4 c5 6. 0-0 Nc6 7. c3 Be7 8. h3 Nh6 9. dxc5 Bxc5 10. b4 Bb6 11. Bg5 Qb8 12. c4 dxc4 13. Na3 c3 14. Qb3 Be4 15. Bxh6 gxh6 16. Qxc3 0-0 17. Rad1 Bxf3 18. Bxf3 Qxe5 19. Qxe5 Nxe5 20. Bxb7 Rab8 21. Ba6 Rfd8 22. Nc2 Kg7 23. a4 Nc6 24. b5 Nd4 25. Nxd4 Bxd4 26. a5 Rd5 27. Rc1 Rdd8 28. g3 h5 29. Kg2 Rd5 30. Rfd1 Rc5 31. Rxc5 Bxc5 32. Rb1 Kf6 33. Kf3 Ke5 34. Rd1 Bb4 35. Rd7 Kf6 36. h4 Bxa5 37. Rxa7 Rd8 38. Bb7 Rd3+ 39. Ke4 Bb6 40. Kxd3 Bxa7 41. Ke2 Kf5 42. Bf3 Kg6 43. Be4+ f5 44. Bc6 Kf7 45. f3 Bc5 46. f4 Bd4 1/2-1/2

[Event "SC-2017-0-00337"]
[Site "LSS email"]
[Date "2017.11.30"]
[Round "?"]
[White "Martins, Karin"]
[Black "Kapatos, Endre"]
[Result "1/2-1/2"]
[WhiteElo "1799"]
[BlackElo "1713"]
[PlyCount "83"]
[EventDate "2017.10.13"]
[EventType "tourn (corr)"]
[EventRounds "6"]
[EventCountry "GER"]
[SourceTitle "Corr 2022"]
[Source "ChessBase"]
[SourceDate "2021.10.24"]
[SourceVersion "1"]
[SourceVersionDate "2021.10.24"]
[SourceQuality "1"]

1. e4 c6 2. d4 d5 3. Nc3 dxe4 4. Nxe4 Nf6 5. Ng3 h5 6. Bc4 h4 7. Nf1 Bf5 8. Ne3 Be4 9. f3 Bg6 10. Ne2 e5 11. Bd3 Bxd3 12. Qxd3 Nbd7 13. Nc4 exd4 14. Nxd4 Bc5 15. Nb3 Qe7+ 16. Qe2 Qxe2+ 17. Kxe2 Be7 18. Bg5 Nb6 19. Nbd2 0-0-0 20. Rhe1 Rd5 21. f4 Nxc4 22. Nxc4 Rd4 23. Ne5 Nd5 24. Bxe7 Nxe7 25. Kf3 Nd5 26. g3 hxg3 27. hxg3 Rh2 28. c3 Rdd2 29. Nxf7 Rd3+ 30. Ke4 Rxg3 31. c4 Nf6+ 32. Kf5 Nh5 33. Re8+ Kd7 34. Rg8 Nf6 35. Ra8 Ng4 36. Ne5+ Nxe5 37. Kxe5 Re2+ 38. Kd4 Rd2+ 39. Ke5 a6 40. b4 Re2+ 41. Kd4 Rd2+ 42. Ke5 1/2-1/2

[Event "SC-2017-0-00333"]
[Site "LSS email"]
[Date "2017.10.14"]
[Round "?"]
[White "Ederer, Karel"]
[Black "Kapatos, Endre"]
[Result "1/2-1/2"]
[WhiteElo "1869"]
[BlackElo "1699"]
[PlyCount "54"]
[EventDate "2017.07.30"]
[EventType "tourn (corr)"]
[EventRounds "6"]
[EventCountry "GER"]
[SourceTitle "Corr 2022"]
[Source "ChessBase"]
[SourceDate "2021.10.24"]
[SourceVersion "1"]
[SourceVersionDate "2021.10.24"]
[SourceQuality "1"]

1. e4 c6 2. Nc3 d5 3. Nf3 Bg4 4. h3 Bxf3 5. Qxf3 e6 6. d4 Nf6 7. Bd3 dxe4 8. Nxe4 Nxe4 9. Qxe4 Nd7 10. c3 Nf6 11. Qf3 Qd5 12. Qg3 0-0-0 13. 0-0 Bd6 14. Qe3 Bc7 15. Bc2 h5 16. f4 Qd6 17. Rf3 Nd5 18. Qf2 Bb6 19. a4 a5 20. Kh1 c5 21. b4 axb4 22. a5 Ba7 23. a6 c4 24. axb7+ Kxb7 25. cxb4 Nf6 26. Qf1 Bxd4 27. Ra5 Bb6 1/2-1/2

[Event "SC-2017-0-00333"]
[Site "LSS email"]
[Date "2017.10.14"]
[Round "?"]
[White "Madrid Sole, Antonio"]
[Black "Kapatos, Endre"]
[Result "1/2-1/2"]
[WhiteElo "1841"]
[BlackElo "1699"]
[PlyCount "72"]
[EventDate "2017.07.30"]
[EventType "tourn (corr)"]
[EventRounds "6"]
[EventCountry "GER"]
[SourceTitle "Corr 2022"]
[Source "ChessBase"]
[SourceDate "2021.10.24"]
[SourceVersion "1"]
[SourceVersionDate "2021.10.24"]
[SourceQuality "1"]

1. d4 Nf6 2. Nf3 e6 3. Bg5 c5 4. e3 Be7 5. Nbd2 d5 6. c3 Nbd7 7. Bd3 b6 8. 0-0 0-0 9. Ne5 Bb7 10. f4 h6 11. Bh4 Ne8 12. Bxe7 Qxe7 13. Qf3 Nd6 14. g4 cxd4 15. exd4 Rfe8 16. Qh3 Nf8 17. Rae1 a5 18. Rf2 f6 19. Nef3 Ba6 20. Bb1 Qc7 21. g5 hxg5 22. fxg5 f5 23. Ne5 g6 24. Rf4 Re7 25. Rh4 Rh7 26. Rh6 Qg7 27. Qh4 Ra7 28. Qf4 Bb5 29. h4 Qc7 30. Kf2 Be8 31. Bd3 b5 32. Rxh7 Nxh7 33. Nb3 Nf8 34. Nc5 b4 35. Rc1 bxc3 36. Rxc3 Qd8 1/2-1/2

[Event "SC-2017-0-00327"]
[Site "LSS email"]
[Date "2017.07.15"]
[Round "?"]
[White "Lombart, Philippe"]
[Black "Kapatos, Endre"]
[Result "0-1"]
[WhiteElo "1672"]
[BlackElo "1705"]
[PlyCount "86"]
[EventDate "2017.05.28"]
[EventType "tourn (corr)"]
[EventRounds "6"]
[EventCountry "GER"]
[SourceTitle "Corr 2022"]
[Source "ChessBase"]
[SourceDate "2021.10.24"]
[SourceVersion "1"]
[SourceVersionDate "2021.10.24"]
[SourceQuality "1"]

1. d4 Nf6 2. c4 c5 3. d5 g6 4. Nc3 Bg7 5. e4 d6 6. f4 0-0 7. Nf3 e6 8. e5 dxe5 9. fxe5 Ng4 10. Bg5 Qb6 11. Qe2 Nd7 12. dxe6 Qxe6 13. 0-0-0 Ndxe5 14. h3 Nxf3 15. Qxf3 Ne5 16. Qe3 Nxc4 17. Qxc5 Ne5 18. Qd6 Qxd6 19. Rxd6 Be6 20. g4 Rfe8 21. Bb5 Rec8 22. Kb1 Nc4 23. Bxc4 Rxc4 24. Rhd1 h6 25. Bd2 h5 26. gxh5 gxh5 27. Re1 Bxh3 28. Nd5 Bf5+ 29. Ka1 Be6 30. Ne7+ Kf8 31. Ng6+ fxg6 32. Rdxe6 Rg4 33. Bc1 Rc8 34. Kb1 h4 35. R6e2 g5 36. Rf2+ Kg8 37. a3 Rg3 38. Rh1 Rc5 39. Bxg5 Rcxg5 40. Rxh4 a5 41. Rc2 b5 42. Rhh2 a4 43. Ka2 Rg1 0-1

[Event "SC-2017-0-00327"]
[Site "LSS email"]
[Date "2017.07.15"]
[Round "?"]
[White "Sternik, Ryszard"]
[Black "Kapatos, Endre"]
[Result "1-0"]
[WhiteElo "1735"]
[BlackElo "1705"]
[PlyCount "67"]
[EventDate "2017.05.28"]
[EventType "tourn (corr)"]
[EventRounds "6"]
[EventCountry "GER"]
[SourceTitle "Corr 2022"]
[Source "ChessBase"]
[SourceDate "2021.10.24"]
[SourceVersion "1"]
[SourceVersionDate "2021.10.24"]
[SourceQuality "1"]

1. e4 c6 2. d4 d5 3. e5 c5 4. c3 Nc6 5. Nf3 Bg4 6. dxc5 e6 7. Be3 a6 8. Nbd2 Nxe5 9. Qa4+ Qd7 10. Bb5 Nxf3+ 11. gxf3 Qxb5 12. Qxb5+ axb5 13. fxg4 Nf6 14. g5 Nd7 15. b4 g6 16. 0-0-0 Bg7 17. Kb2 Ne5 18. f4 Ng4 19. Bg1 h6 20. h4 hxg5 21. fxg5 Ne5 22. a3 Rh5 23. Rh3 f5 24. Bd4 Kf7 25. Re1 Rxh4 26. Rxh4 Nd3+ 27. Kb3 Nxe1 28. Rh7 Rg8 29. a4 bxa4+ 30. Kxa4 Nd3 31. Nf3 Kf8 32. Bf6 Bxf6 33. gxf6 g5 34. Rxb7 1-0

[Event "SC-2017-0-00314"]
[Site "LSS email"]
[Date "2017.01.18"]
[Round "?"]
[White "Kapatos, Endre"]
[Black "Sikorski, Roman"]
[Result "0-1"]
[WhiteElo "1746"]
[BlackElo "1865"]
[PlyCount "120"]
[EventDate "2016.12.02"]
[EventType "tourn (corr)"]
[EventRounds "6"]
[EventCountry "GER"]
[SourceTitle "Corr 2022"]
[Source "ChessBase"]
[SourceDate "2021.10.24"]
[SourceVersion "1"]
[SourceVersionDate "2021.10.24"]
[SourceQuality "1"]

1. e4 c5 2. Nf3 d6 3. Bd3 Nf6 4. h3 Nc6 5. c3 d5 6. e5 Nd7 7. Qe2 Qc7 8. e6 fxe6 9. Ng5 Nde5 10. Bxh7 g6 11. f4 Bh6 12. h4 Bxg5 13. hxg5 Kf8 14. fxe5 Kg7 15. d4 cxd4 16. 0-0 Bd7 17. Bxg6 Kxg6 18. Qd3+ Kg7 19. cxd4 Nb4 20. Qc3 Qxc3 21. Nxc3 Nc2 22. Rb1 Rh4 23. Rf4 Rah8 24. Rxh4 Rxh4 25. Ne2 Nxd4 26. Nxd4 Rxd4 27. Be3 Ra4 28. Ra1 Kg6 29. b3 Re4 30. Bxa7 Kxg5 31. Rf1 Rxe5 32. Bc5 Re4 33. Bxe7+ Kg4 34. Rd1 Bc6 35. Kf2 e5 36. Bd6 Rf4+ 37. Kg1 Kf5 38. Re1 Re4 39. Kf2 d4 40. Rxe4 Bxe4 41. g4+ Ke6 42. Bc7 Bb1 43. a3 Bc2 44. g5 Bg6 45. Kf3 Kf5 46. Kg3 Bf7 47. Kg2 b5 48. Kf1 e4 49. Bb6 Ke5 50. a4 b4 51. Bc7+ Kf5 52. Bd6 Bxb3 53. Bxb4 Bxa4 54. Bc5 Bb5+ 55. Ke1 Ke5 56. g6 e3 57. g7 Bc4 58. Bb4 d3 59. Kd1 Bb3+ 60. Kc1 Ke4 0-1

[Event "SC-2016-0-00309"]
[Site "LSS email"]
[Date "2016.11.27"]
[Round "?"]
[White "Eide, John Henning"]
[Black "Kapatos, Endre"]
[Result "1-0"]
[WhiteElo "1676"]
[BlackElo "1739"]
[PlyCount "89"]
[EventDate "2016.10.28"]
[EventType "tourn (corr)"]
[EventRounds "6"]
[EventCountry "GER"]
[SourceTitle "Corr 2022"]
[Source "ChessBase"]
[SourceDate "2021.10.24"]
[SourceVersion "1"]
[SourceVersionDate "2021.10.24"]
[SourceQuality "1"]

1. e4 e5 2. Nf3 Nc6 3. Bb5 Nf6 4. 0-0 Nxe4 5. d4 Nd6 6. Bxc6 dxc6 7. dxe5 Nf5 8. Qxd8+ Kxd8 9. Rd1+ Ke8 10. Nc3 Ne7 11. h3 Bf5 12. Nd4 Bg6 13. Bf4 Nf5 14. Nf3 Rd8 15. Ne2 Be7 16. Rac1 Nh4 17. Nxh4 Bxh4 18. c3 Be7 19. f3 Bc5+ 20. Kh2 Ke7 21. g4 h6 22. Nd4 Rd5 23. Rd2 Rhd8 24. Rcd1 Bb6 25. Nf5+ Bxf5 26. gxf5 a6 27. a4 f6 28. e6 h5 29. Kg3 g5 30. fxg6 Kxe6 31. Rxd5 cxd5 32. a5 Ba7 33. c4 d4 34. Bxc7 Rd7 35. Bb6 Bxb6 36. axb6 Kf5 37. b4 h4+ 38. Kf2 Kxg6 39. Ke2 Kf5 40. Kd3 Kf4 41. c5 Kxf3 42. Ra1 Kf4 43. b5 axb5 44. Ra7 Ke5 45. c6 1-0